Diario de Adán y Eva y otras historias dignas de recordar / (Record no. 166773)

MARC details
000 -CABECERA
campo de control de longitud fija 00676nam a2200205 a 4500
005 - FECHA Y HORA DE LA ÚLTIMA TRANSACCIÓN
campo de control 20210223132245.0
008 - ELEMENTOS DE LONGITUD FIJA--INFORMACIÓN GENERAL
campo de control de longitud fija 131210s2010 mx r 000 0 spa d
020 ## - NÚMERO INTERNACIONAL NORMALIZADO PARA LIBROS
Número Internacional Estándar del Libro 9789588319995
035 ## - NÚMERO DE CONTROL DEL SISTEMA
Número de control de sistema UPN01000194672
049 ## - COLECCIÓN
Colección CG
050 #4 - SIGNATURA TOPOGRÁFICA DE LA BIBLIOTECA DEL CONGRESO
Número de clasificación PN6054
Número de documento/Ítem D5.2
245 00 - MENCIÓN DE TÍTULO
Título Diario de Adán y Eva y otras historias dignas de recordar /
Mención de responsabilidad, etc. Comp. Norma Constanza Idárraga Hernández ; tr. Pablo Rolando Arango.
260 ## - PUBLICACIÓN, DISTRIBUCIÓN, ETC.
Lugar de publicación, distribución, etc. Manizales, Colombia :
Nombre del editor, distribuidor, etc. Universidad de Caldas,
Fecha de publicación, distribución, etc. 2010.
300 ## - DESCRIPCIÓN FÍSICA
Extensión 271 p.
440 #0 - MENCIÓN DE SERIE/ASIENTO SECUNDARIO--TÍTULO
Título Luminautas ;
Designación de volumen o secuencia 11
650 #4 - ASIENTO SECUNDARIO DE MATERIA - TERMINO TEMATICO
Término de materia o nombre geográfico como elemento de entrada ANTOLOGIAS LITERARIAS
9 (RLIN) 4762
700 1# - ASIENTO SECUNDARIO--NOMBRE DE PERSONAL
Nombre de persona Idárraga Hernández, Norma Constanza,
Término indicativo de función/relación comp.
905 ## - TIPO DE MATERIAL
Tipo de material Libro
Holdings
Estado de retiro Estado de pérdida Fuente del sistema de clasificación o colocación Estado dañado No para préstamo Código de colección Localización permanente Ubicación/localización actual Ubicación en estantería Total de préstamos Clasificación Código de barras Fecha visto por última vez Número de copia Tipo de ítem Koha
    Library of Congress Classification     Colección General Bib. Gregorio Torres Quintero Bib. Gregorio Torres Quintero Planta baja 2 PN6054 D5.2 294040 31/12/2020 1 Libro